| 000 | 01151nmc a2200385 a 4500 | ||
|---|---|---|---|
| 003 | AR-BaBNM | ||
| 005 | 20251128205640.0 | ||
| 008 | 108019s1992 ||||||||||||||000 | spa|| | ||
| 020 | _a950-534-163-6 | ||
| 040 | _cAR-BaBNM | ||
| 100 | 1 | _aRomero Carranza, Ambrosio | |
| 245 | 1 | 0 |
_aHistoria política y constitucional _bArgentina 1776-1989 |
| 260 |
_aBuenos Aires _bCírculo militar _c1992 |
||
| 300 | 0 | _a488 p. | |
| 490 | 0 |
_aBiblioteca del oficial _vv. 748 |
|
| 500 | 0 | _aContiene un epílogo con los últimos años | |
| 600 | 0 | 4 |
_aPerón _d1946-1951 |
| 600 | 0 | 4 |
_aPerón _d1952-1955 |
| 600 | 0 | 4 |
_aPerón _d1973-1974 |
| 650 | 4 | _aPERIODO HISPANICO | |
| 650 | 4 | _aPERIODO INDEPENDIENTE | |
| 650 | 4 | _aHISTORIA ARGENTINA | |
| 650 | 4 | _aORGANIZACION NACIONAL | |
| 650 | 4 | _aHISTORIA POLITICA ARGENTINA | |
| 650 | 4 | _aPOLITICA ARGENTINA | |
| 650 | 4 | _aHISTORIA INSTITUCIONAL | |
| 650 | 4 | _aINDEPENDENCIA ARGENTINA | |
| 650 | 4 | _aHISTORIA CONSTITUCIONAL | |
| 651 | 4 | _aArgentina | |
| 700 | 1 | _aRodríguez Varela, Alberto | |
| 700 | 1 | _aVentura, Eduardo | |
| 800 | 1 |
_aMartínez Pita, Rodolfo _efundador |
|
| 942 | _cBK | ||
| 998 | _cMariana | ||
| 999 |
_c12229 _d12229 |
||